[Event "44th URS-ch"]
[Site "Moscow URS"]
[Date "1976.12.21"]
[Round "16"]
[White "Grigorian, Karen"]
[Black "Karpov, Anatoly"]
[Result "0-1"]
[WhiteElo "2485"]
[BlackElo "2695"]
[EventDate "1976.11.27"]
[PlyCount "79"]

1.d4 d5 2.c4 e6 3.Nc3 Be7 4.Nf3 Nf6 5.e3 O-O 6.b3 b6 7.Bb2 Bb7 8.Bd3 c5 9.
O-O cxd4 10.exd4 Nc6 11.Qe2 Nb4 12.Bb1 dxc4 13.bxc4 Bxf3 14.gxf3 Qxd4 15.
Ne4 Qd8 16.Rd1 Qc7 17.Nxf6+ Bxf6 18.Bxf6 gxf6 19.Bxh7+ Kg7 20.Rd4 Rh8 21.
Rg4+ Kf8 22.Qb2 Rxh7 23.Qxb4+ Qc5 24.Qd2 Rc8 25.Re1 Qe7 26.Rd4 Rh5 27.h4 
f5 28.Kg2 Rxh4 29.Rxh4 Qxh4 30.Rh1 Qf6 31.Qd6+ Kg7 32.Qh2 Rd8 33.Rg1 Kf8 
34.Qc7 Rd4 35.Qb8+ Qd8 36.Qg3 f4 37.Qh2 Qf6 38.Rc1 Rd2 39.Kg1 Rxa2 40.Qh5 
0-1